Complete the film title (Chris Pratt) - Statistics

General Stats
  • This quiz has been taken 46 times
  • The average score is 11 of 16
Answer Stats
Film Title % Correct
Avengers: Infinity {War}
100%
Guardians of the {Galaxy}
100%
Guardians of the Galaxy Vol. {2}
100%
Jurassic {World}
100%
The Lego {Movie}
97%
Avengers: {Endgame}
93%
Jurassic World: Fallen {Kingdom}
79%
The Magnificent {Seven}
69%
Zero Dark {Thirty}
62%
The Tomorrow {War}
55%
Jennifer's {Body}
52%
The Lego Movie 2: The Second {Part}
45%
Bride {Wars}
31%
What's Your {Number}?
31%
Take Me Home {Tonight}
28%
The Five-Year {Engagement}
24%
No matching quizzes found
Score Distribution
Percent of People with Each Score
Percentile by Number Answered
Your Score History
You have not taken this quiz